000
00287nam a2200121Ia 4500
100
_a
Singh/ R.P.
942
_c
BK
654
_a
Physics
245
_a
Introduction to Modern Physics
260
_b
New Age Int (P) Ltd & wiley
_a
New Delhi
_c
2002
082
_a
539
_b
SIN
546
_a
ENGLISH
999
_c
26328
_d
26328